00575nam a2200205 a 4500001000400000003000900004008004100013040002800054082001600082100003500098245006400133250000700197260003700204300001500241490002200256650002700278650003500305942001200340999001700352206CO-ViMGA141112s2004 ck r 000 u spa d aCO-ViMGAbspacCO-ViMGA04a743.4 P177f1 aParramón, Jose María9491410aCómo dibujar la figura humana / cJose Marìa Parramòn a4a aBarcelona : bParramón, c1995 a112 p : il aAprender haciendo14aDIBUJO ARTISTICO9491514aFIGURA HUMANA EN EL ARTE94916 2ddccBK c12454d12454